[Event "Perényi Évadnyitó Open"]
[Site "Budapest"]
[Date "2017.01.13"]
[Round "8.2"]
[White "Balint, Vilmos"]
[Black "Farago, Sandor"]
[Result "1-0"]
[WhiteElo "2311"]
[BlackElo "2275"]
[PlyCount "154"]
[EventDate "2017.01.05"]
[EventType "swiss"]
[EventRounds "9"]
[EventCountry "HUN"]

1. Nf3 c5 2. c4 Nf6 3. g3 b6 4. Bg2 Bb7 5. O-O g6 6. Nc3 Bg7 7. d4 cxd4 8. Qxd4
Nc6 9. Qf4 Qb8 10. Rd1 d6 11. Qh4 h6 12. g4 g5 13. Qg3 Qc8 14. h3 Na5 15. Nd4
Nd7 16. Nf5 Be5 17. f4 gxf4 18. Bxf4 Qc5+ 19. e3 Bxf4 20. Qxf4 Bxg2 21. Kxg2
Qe5 22. Qf3 Rc8 23. Rd4 Nf6 24. Rf1 Nc6 25. Rf4 Nh7 26. h4 Kd8 27. Nxh6 Kc7 28.
Nxf7 Qg7 29. Nxd6 Nf6 30. Nxc8 Rxc8 31. Nd5+ Nxd5 32. cxd5 Ne5 33. Qg3 Kb7 34.
Kh3 Rc2 35. R1f2 Rc1 36. e4 Ng6 37. Rf7 Qd4 38. Qf3 Rd1 39. h5 Ne5 40. Rxe7+
Ka6 41. Qe2+ Rd3+ 42. Kg2 Nc4 43. Kh1 Ne3 44. Rff7 Qc4 45. Rxa7+ Kb5 46. Rf4
Rd1+ 47. Qxd1 Nxd1 48. a4+ Kb4 49. h6 Qc1 50. Raf7 Ne3+ 51. Kh2 Qc2+ 52. Kh3
Qg2+ 53. Kh4 Qh2+ 54. Kg5 Ng2 55. R4f5 Qh4+ 56. Kg6 Qxg4+ 57. Kf6 Nf4 58. h7
Qh4+ 59. Kg7 Qg4+ 60. Kf6 Qh4+ 61. Rg5 Nh3 62. Rfg7 Nxg5 63. Rxg5 Qxh7 64. e5
Kc5 65. d6 Qh6+ 66. Rg6 Qh8+ 67. Rg7 Qh6+ 68. Kf7 Kd5 69. d7 Qe6+ 70. Kf8 Qf5+
71. Rf7 Qg5 72. Rf6 Kxe5 73. d8=Q Qxf6+ 74. Qxf6+ Kxf6 75. Ke8 Ke6 76. Kd8 Kd6
77. b4 Kd5 1-0

[Event "Perényi Évadnyitó Open"]
[Site "Budapest"]
[Date "2017.01.13"]
[Round "8.3"]
[White "Zentai, Peter"]
[Black "Piroska, Istvan"]
[Result "1/2-1/2"]
[WhiteElo "2273"]
[BlackElo "2153"]
[PlyCount "117"]
[EventDate "2017.01.05"]
[EventType "swiss"]
[EventRounds "9"]
[EventCountry "HUN"]

1. d4 d5 2. c4 e6 3. Nf3 Nf6 4. Nc3 Be7 5. Bf4 O-O 6. e3 c5 7. dxc5 Bxc5 8. Qc2
dxc4 9. Bxc4 a6 10. O-O h6 11. Rfd1 Nbd7 12. e4 b5 13. Bd3 Bb7 14. Qe2 Qb6 15.
a4 e5 16. Nxe5 Nxe5 17. Bxe5 Bxf2+ 18. Qxf2 Qxf2+ 19. Kxf2 Ng4+ 20. Ke2 Nxe5
21. axb5 Nxd3 22. Rxd3 axb5 23. Rxa8 Bxa8 24. Rd4 f5 25. Ke3 fxe4 26. Nxb5 Rb8
27. Nc3 Kh7 28. b4 Rc8 29. Ne2 Rc2 30. Rd2 Rxd2 31. Kxd2 e3+ 32. Kxe3 Bxg2 33.
b5 Kg8 34. Kd4 Kf7 35. Nc3 Ke7 36. Ne4 Kd7 37. Nc5+ Kc7 38. Kc4 g5 39. Ne6+ Kd6
40. Ng7 Be4 41. Kd4 Bg6 42. b6 Kc6 43. Ke5 Kxb6 44. Kf6 Be4 45. Nf5 Bxf5 46.
Kxf5 Kc6 47. Kg6 Kd6 48. Kxh6 g4 49. Kg5 Ke7 50. Kxg4 Kf6 51. Kh5 Kg7 52. Kg5
Kh8 53. h4 Kh7 54. h5 Kg7 55. h6+ Kh7 56. Kh5 Kh8 57. Kg6 Kg8 58. h7+ Kh8 59.
Kh6 1/2-1/2

[Event "Perényi Évadnyitó Open"]
[Site "Budapest"]
[Date "2017.01.13"]
[Round "8.4"]
[White "Molnar, Jozsef"]
[Black "Joo, Janos"]
[Result "1/2-1/2"]
[WhiteElo "2066"]
[BlackElo "2059"]
[PlyCount "58"]
[EventDate "2017.01.05"]
[EventType "swiss"]
[EventRounds "9"]
[EventCountry "HUN"]

1. e4 c5 2. Nf3 g6 3. c3 Bg7 4. d4 cxd4 5. cxd4 d5 6. e5 Nh6 7. Nc3 O-O 8. h4
Bg4 9. Be2 Nc6 10. h5 Nf5 11. hxg6 hxg6 12. Ng5 Bxe2 13. Nxe2 Qb6 14. Qd3 Ncxd4
15. g4 Qa6 16. Qxa6 bxa6 17. gxf5 Nc2+ 18. Kd1 Nxa1 19. f4 Rfc8 20. fxg6 fxg6
21. Nd4 Rc4 22. Nde6 Rac8 23. Bd2 Nc2 24. Rh7 Bf8 25. Nxf8 Kxf8 26. Rh8+ Kg7
27. Rh7+ Kf8 28. Rh8+ Kg7 29. Rh7+ Kf8 1/2-1/2

[Event "Perényi Évadnyitó Open"]
[Site "Budapest"]
[Date "2017.01.13"]
[Round "8.5"]
[White "Mezei, Csaba"]
[Black "Kovacs, Judit"]
[Result "1/2-1/2"]
[WhiteElo "2073"]
[BlackElo "2098"]
[PlyCount "124"]
[EventDate "2017.01.05"]
[EventType "swiss"]
[EventRounds "9"]
[EventCountry "HUN"]

1. d4 Nf6 2. e3 d5 3. c3 c5 4. Bd3 Nc6 5. f4 Bg4 6. Nf3 e6 7. O-O Bd6 8. Be2
O-O 9. Ne5 Bxe2 10. Qxe2 Rc8 11. Nd2 cxd4 12. exd4 a6 13. a4 Ne7 14. Kh1 Rb8
15. Rf3 b5 16. axb5 axb5 17. b4 Qb6 18. Ra5 Rfc8 19. Ba3 Rc7 20. g4 Bxe5 21.
fxe5 Nxg4 22. Nb3 Nf5 23. h3 Ngh6 24. Bc1 Ra7 25. Ba3 Ne7 26. Bc1 Nhf5 27. Kh2
Nc6 28. Ra2 Rba8 29. Rc2 Ra4 30. Nc5 Ra1 31. Rxf5 exf5 32. Qg2 Ne7 33. Bg5 Qa7
34. Qe2 Rb8 35. h4 h6 36. Bf4 Ng6 37. Bg3 f4 38. Bf2 Qe7 39. Qg4 Rba8 40. h5
R1a2 41. Rxa2 Rxa2 42. Kg1 Nf8 43. Bh4 Ra1+ 44. Kg2 Qa7 45. Qxf4 Qa2+ 46. Bf2
Qb1 47. Kg3 Ra3 48. Qe3 Qf5 49. Nb7 Qxh5 50. Nd6 Ra1 51. Qf3 Qg6+ 52. Kh2 Ra2
53. Nxb5 Ne6 54. Nd6 Ng5 55. Qe3 Qh5+ 56. Kg2 Re2 57. Qg3 Nh3 58. b5 Rxf2+ 59.
Qxf2 Nxf2 60. Kxf2 Qd1 61. b6 Qc2+ 62. Kf1 Qb1+ 1/2-1/2

[Event "Perényi Évadnyitó Open"]
[Site "Budapest"]
[Date "2017.01.13"]
[Round "8.6"]
[White "Nemeth, Zoltan"]
[Black "Karacsonyi, Gellert"]
[Result "1/2-1/2"]
[WhiteElo "2284"]
[BlackElo "2057"]
[PlyCount "86"]
[EventDate "2017.01.05"]
[EventType "swiss"]
[EventRounds "9"]
[EventCountry "HUN"]

1. g3 f5 2. f4 Nf6 3. Bg2 g6 4. b3 Bg7 5. Bb2 O-O 6. c4 c5 7. Nf3 e6 8. Qc2 Nc6
9. O-O Qe7 10. Nc3 d6 11. Rae1 e5 12. e4 fxe4 13. Nxe4 Nb4 14. Nxf6+ Bxf6 15.
Qd1 Nd3 16. fxe5 dxe5 17. Qa1 Nxe1 18. Rxe1 e4 19. Bxf6 Qxf6 20. Qxf6 Rxf6 21.
Ng5 Bf5 22. g4 Bxg4 23. Rxe4 h6 24. Rxg4 hxg5 25. Bxb7 Raf8 26. Rxg5 Rf1+ 27.
Kg2 R8f2+ 28. Kh3 Kf7 29. Rxc5 Rxd2 30. Ra5 Rff2 31. Rxa7 Rxh2+ 32. Kg4 Rxa2
33. Bd5+ Kf6 34. Rf7+ Ke5 35. b4 Ra1 36. Re7+ Kd4 37. Re4+ Kd3 38. Kg3 Rh5 39.
Rg4 Re5 40. b5 Rb1 41. Kf4 Rf5+ 42. Kg3 Re5 43. Kf4 Rf5+ 1/2-1/2

[Event "Perényi Évadnyitó Open"]
[Site "Budapest"]
[Date "2017.01.13"]
[Round "8.7"]
[White "Bodrogi, Laszlo"]
[Black "Koczo, Kristof"]
[Result "0-1"]
[WhiteElo "1984"]
[BlackElo "2239"]
[PlyCount "126"]
[EventDate "2017.01.05"]
[EventType "swiss"]
[EventRounds "9"]
[EventCountry "HUN"]

1. d4 d5 2. c4 c6 3. Nc3 Nf6 4. Nf3 dxc4 5. a4 Bf5 6. Ne5 Nbd7 7. Nxc4 Nd5 8.
f3 e5 9. e4 Nxc3 10. bxc3 Be6 11. d5 cxd5 12. exd5 Bf5 13. a5 Bc5 14. Be3 Qc8
15. Qd2 O-O 16. Bxc5 Qxc5 17. Qe3 Qxd5 18. Rd1 Qc5 19. Qxc5 Nxc5 20. Rd5 Nd7
21. Nd6 Be6 22. Rb5 b6 23. Be2 Rab8 24. Kf2 Nc5 25. axb6 axb6 26. Rhb1 Na4 27.
Ne4 f6 28. R5b4 Ra8 29. Bd1 b5 30. Rxb5 f5 31. Rxe5 Ba2 32. Ra1 Nb2 33. Nc5
Rfd8 34. Ke1 g6 35. Re2 Rxd1+ 36. Rxd1 Nxd1 37. Kxd1 Bc4 38. Rb2 Ra1+ 39. Kd2
Rh1 40. Ke3 Rxh2 41. Kd4 Bf7 42. Ke5 Rh1 43. Nd3 Kg7 44. Rb7 Rd1 45. Nf4 Re1+
46. Kd4 Kf8 47. c4 g5 48. Nd3 Rg1 49. c5 Rxg2 50. c6 Rc2 51. Nc5 Rc4+ 52. Ke5
Rxc5+ 53. Kf6 Rxc6+ 54. Kxg5 Bg6 55. Ra7 Re6 56. Rb7 Re7 57. Rb8+ Kg7 58. Rb2
h6+ 59. Kf4 Kf6 60. Rh2 Ra7 61. Rxh6 Rh7 62. Rxh7 Bxh7 63. Kg3 Ke5 0-1

[Event "Perényi Évadnyitó Open"]
[Site "Budapest"]
[Date "2017.01.13"]
[Round "8.8"]
[White "Varga, Klara"]
[Black "Vereczkei, Laszlo"]
[Result "0-1"]
[WhiteElo "2251"]
[BlackElo "2086"]
[PlyCount "42"]
[EventDate "2017.01.05"]
[EventType "swiss"]
[EventRounds "9"]
[EventCountry "HUN"]

1. c4 f5 2. g3 Nf6 3. Bg2 g6 4. Nc3 Bg7 5. e3 O-O 6. Nge2 d6 7. O-O c6 8. d3 a5
9. h3 Qc7 10. e4 e5 11. b3 f4 12. gxf4 Nh5 13. f5 gxf5 14. exf5 Bxf5 15. Ne4
Nf4 16. Nxf4 exf4 17. d4 c5 18. Ng5 Nc6 19. Bxf4 Nxd4 20. Qh5 Bg6 21. Qg4 Rxf4
0-1

[Event "Perényi Évadnyitó Open"]
[Site "Budapest"]
[Date "2017.01.13"]
[Round "8.9"]
[White "Birovecz, Ben Jordan"]
[Black "Torok, Tamas Titusz"]
[Result "0-1"]
[WhiteElo "2012"]
[BlackElo "2142"]
[PlyCount "108"]
[EventDate "2017.01.05"]
[EventType "swiss"]
[EventRounds "9"]
[EventCountry "HUN"]

1. e4 e5 2. Nf3 Nc6 3. Bc4 Bc5 4. d3 Nf6 5. c3 a6 6. Nbd2 O-O 7. h3 d5 8. exd5
Nxd5 9. O-O h6 10. Re1 b5 11. Bb3 Nf4 12. d4 exd4 13. Ne4 Bd6 14. Nxd4 Nxd4 15.
Qxd4 Ne6 16. Qd5 Rb8 17. Nxd6 cxd6 18. Rd1 Bb7 19. Qxd6 Qf6 20. Be3 Rfd8 21.
Qg3 Rbc8 22. a4 Re8 23. axb5 axb5 24. Ra7 Bc6 25. Rd6 Kh8 26. Bxe6 Rxe6 27. Bd4
Rxd6 28. Bxf6 Rxf6 29. Qe3 Rd8 30. Qe2 Re6 31. Qh5 Rg6 32. Rxf7 Rxg2+ 33. Kf1
Rg5 34. Qh4 Bd5 35. f4 Bc4+ 36. Kf2 Rd2+ 37. Kf3 Bd5+ 38. Ke3 Rgg2 39. Rf8+ Kh7
40. Qh5 g6 41. Rh8+ Kxh8 42. Qe5+ Kg8 43. Qe8+ Kg7 44. Qe5+ Kf7 45. Qc7+ Ke6
46. Qe5+ Kd7 47. Qg7+ Kc6 48. Qf6+ Kc7 49. Qe7+ Kb6 50. Qd8+ Ka6 51. Qf6+ Ka5
52. Qd8+ Ka4 53. f5 Rge2+ 54. Kf4 g5+ 0-1

[Event "Perényi Évadnyitó Open"]
[Site "Budapest"]
[Date "2017.01.13"]
[Round "8.10"]
[White "Borda, Lajos"]
[Black "Ritter, Gabor Dr"]
[Result "1/2-1/2"]
[WhiteElo "2102"]
[BlackElo "2008"]
[PlyCount "91"]
[EventDate "2017.01.05"]
[EventType "swiss"]
[EventRounds "9"]
[EventCountry "HUN"]

1. e4 c5 2. Nf3 e6 3. a3 d5 4. exd5 exd5 5. Bb5+ Bd7 6. Bxd7+ Qxd7 7. O-O Nc6
8. Re1+ Be7 9. d4 cxd4 10. Nxd4 Nf6 11. Nc3 O-O 12. Qd3 Nxd4 13. Qxd4 h6 14.
Bf4 b6 15. Rad1 Rfd8 16. Qd3 Rac8 17. Be5 Rc5 18. h3 a5 19. Bd4 Rc6 20. Bxf6
Bxf6 21. Nxd5 Bxb2 22. Nf6+ Rxf6 23. Qxd7 Rxd7 24. Rxd7 Bxa3 25. c4 Bc5 26. Re2
Rf4 27. Rc2 a4 28. g3 Re4 29. Kg2 a3 30. Rd8+ Kh7 31. Ra8 Kg6 32. Rd8 Rd4 33.
Re8 Rd7 34. Ra8 Rd3 35. Re8 Rb3 36. Re4 f5 37. Re6+ Kf7 38. Re5 Kf6 39. Rd5 Rb2
40. Rxb2 axb2 41. Rd1 Ke5 42. Kf3 g5 43. Rd5+ Ke6 44. Rd1 Ke5 45. Rd5+ Ke6 46.
Rd1 1/2-1/2

[Event "Perényi Évadnyitó Open"]
[Site "Budapest"]
[Date "2017.01.14"]
[Round "9.1"]
[White "Kovacs, Judit"]
[Black "Aczel, Gergely"]
[Result "0-1"]
[WhiteElo "2098"]
[BlackElo "2548"]
[PlyCount "64"]
[EventDate "2017.01.05"]
[EventType "swiss"]
[EventRounds "9"]
[EventCountry "HUN"]

1. Nf3 d6 2. d4 f5 3. g3 Nf6 4. Bg2 g6 5. b3 Bg7 6. Bb2 O-O 7. c4 c6 8. Qc2 Na6
9. Nc3 Qc7 10. O-O e5 11. dxe5 dxe5 12. e4 Nb4 13. Qb1 f4 14. a3 Na6 15. a4 Nh5
16. Ba3 Rf6 17. Qd3 Bg4 18. Rac1 Bf8 19. Nb5 Rd8 20. Nxc7 Rxd3 21. Nxe5 Bxa3
22. Nxg4 Bxc1 23. Nxf6+ Nxf6 24. Nxa6 Ba3 25. Nc7 f3 26. Bh3 Nxe4 27. Re1 Ng5
28. Bc8 Bd6 29. Ne8 Bb4 30. Rb1 Rd8 31. Nf6+ Kg7 32. h4 Nf7 0-1

[Event "Perényi Évadnyitó Open"]
[Site "Budapest"]
[Date "2017.01.14"]
[Round "9.2"]
[White "Koczo, Kristof"]
[Black "Balint, Vilmos"]
[Result "0-1"]
[WhiteElo "2239"]
[BlackElo "2311"]
[PlyCount "108"]
[EventDate "2017.01.05"]
[EventType "swiss"]
[EventRounds "9"]
[EventCountry "HUN"]

1. d4 Nf6 2. c4 e6 3. Nc3 Bb4 4. e3 O-O 5. Bd3 d5 6. a3 Bxc3+ 7. bxc3 b6 8.
cxd5 Qxd5 9. Qf3 Bb7 10. Qxd5 exd5 11. Nf3 Ba6 12. Bxa6 Nxa6 13. a4 Nb8 14. Ba3
Re8 15. Rc1 a6 16. c4 b5 17. cxd5 Nxd5 18. Ke2 Nd7 19. axb5 axb5 20. Ra1 Nc3+
21. Kd3 Ne4 22. Rhf1 Ra4 23. Nd2 f5 24. Nxe4 fxe4+ 25. Kc2 Nb6 26. Bb2 Rxa1 27.
Rxa1 Rf8 28. Rf1 Nc4 29. Bc1 Ra8 30. Kb1 b4 31. f3 b3 32. Rf2 Rf8 33. f4 h5 34.
g3 g5 35. Rg2 g4 36. h3 gxh3 37. Rh2 b2 38. Bxb2 Rb8 39. Rxh3 Rxb2+ 40. Kc1 Rb5
41. g4 hxg4 42. Rg3 Kf7 43. Rxg4 Nxe3 44. Rh4 Nd5 45. f5 Nf6 46. Rf4 Rd5 47.
Kd2 Rxd4+ 48. Ke3 Ra4 49. Rh4 Nd5+ 50. Ke2 Kf6 51. Rh6+ Kxf5 52. Rh5+ Ke6 53.
Rh6+ Ke5 54. Rh5+ Kd4 0-1

[Event "Perényi Évadnyitó Open"]
[Site "Budapest"]
[Date "2017.01.14"]
[Round "9.3"]
[White "Farago, Sandor"]
[Black "Molnar, Jozsef"]
[Result "1-0"]
[WhiteElo "2275"]
[BlackElo "2066"]
[PlyCount "87"]
[EventDate "2017.01.05"]
[EventType "swiss"]
[EventRounds "9"]
[EventCountry "HUN"]

1. e4 c5 2. Nf3 d6 3. d4 cxd4 4. Nxd4 Nf6 5. Nc3 e5 6. Bb5+ Bd7 7. Nf5 Bxb5 8.
Nxb5 Qa5+ 9. Nc3 Nxe4 10. Qf3 Nxc3 11. Bd2 Qd5 12. Qxc3 Nc6 13. O-O Qe4 14. Ng3
Qd4 15. Qb3 Qb6 16. Qd3 Rd8 17. Be3 Qc7 18. f4 Be7 19. Nf5 O-O 20. c3 Bf6 21.
Rad1 d5 22. fxe5 Nxe5 23. Qe2 Rfe8 24. Qh5 Ng6 25. Bd4 Bxd4+ 26. Rxd4 Re4 27.
Qg5 f6 28. Qd2 Qe5 29. h4 Re2 30. Qd3 Rxb2 31. Rg4 Rd7 32. h5 Nf8 33. c4 Kh8
34. cxd5 Rxa2 35. d6 Qe2 36. Qg3 Qe5 37. Qxe5 fxe5 38. Nxg7 Rd8 39. Rf7 b5 40.
Nf5 Ne6 41. Re7 Nf4 42. Nh6 Rf8 43. Nf7+ Rxf7 44. Re8+ 1-0

[Event "Perényi Évadnyitó Open"]
[Site "Budapest"]
[Date "2017.01.14"]
[Round "9.4"]
[White "Havanecz, Bianka"]
[Black "Zentai, Peter"]
[Result "1/2-1/2"]
[WhiteElo "2209"]
[BlackElo "2273"]
[PlyCount "74"]
[EventDate "2017.01.05"]
[EventType "swiss"]
[EventRounds "9"]
[EventCountry "HUN"]

1. d4 d5 2. c4 dxc4 3. e3 Nf6 4. Bxc4 e6 5. Nf3 c5 6. O-O a6 7. Qe2 b5 8. Bd3
cxd4 9. exd4 Be7 10. Nc3 O-O 11. Bg5 Bb7 12. Rad1 h6 13. Bh4 Nc6 14. a3 Nh5 15.
Qe4 g6 16. Bxe7 Qxe7 17. Qe3 Kg7 18. Rfe1 Rfe8 19. Ne4 Na5 20. Ne5 Nf6 21. Nxf6
Qxf6 22. b4 Nc6 23. Be4 Nxe5 24. dxe5 Qe7 25. Rd6 Bxe4 26. Qxe4 Rec8 27. Red1
Ra7 28. Qe3 Rcc7 29. h3 a5 30. R1d4 axb4 31. Rxb4 Ra5 32. Rb3 Rca7 33. Kh2 Ra4
34. Rxb5 Rxa3 35. Qf4 Qg5 36. Qxg5 hxg5 37. Rd8 R3a5 1/2-1/2

[Event "Perényi Évadnyitó Open"]
[Site "Budapest"]
[Date "2017.01.14"]
[Round "9.5"]
[White "Piroska, Istvan"]
[Black "Joo, Janos"]
[Result "1-0"]
[WhiteElo "2153"]
[BlackElo "2059"]
[PlyCount "79"]
[EventDate "2017.01.05"]
[EventType "swiss"]
[EventRounds "9"]
[EventCountry "HUN"]

1. e4 c5 2. Nf3 g6 3. c4 Bg7 4. d4 Qb6 5. dxc5 Qxc5 6. Nc3 Nf6 7. Be3 Qa5 8.
Bd3 Nc6 9. a3 Ng4 10. Bd2 Qb6 11. O-O O-O 12. b4 Nge5 13. c5 Qd8 14. Nxe5 Nxe5
15. Be2 d6 16. cxd6 Qxd6 17. Nb5 Qd7 18. Be3 a6 19. Qxd7 Bxd7 20. Nc7 Rac8 21.
Nd5 Rfe8 22. Rac1 Rxc1 23. Rxc1 Bc6 24. f4 Nd7 25. Bf3 Bb2 26. Rc2 Bxa3 27. Bd2
a5 28. bxa5 Nf6 29. Nxf6+ exf6 30. a6 Ra8 31. axb7 Bxb7 32. Rc7 Rb8 33. Be3
Bxe4 34. Bxe4 Re8 35. Ra7 Bd6 36. Ra8 Bb8 37. Bc5 Kg7 38. Bf3 Rc8 39. Be3 g5
40. fxg5 1-0

[Event "Perényi Évadnyitó Open"]
[Site "Budapest"]
[Date "2017.01.14"]
[Round "9.6"]
[White "Vereczkei, Laszlo"]
[Black "Nemeth, Zoltan"]
[Result "0-1"]
[WhiteElo "2086"]
[BlackElo "2284"]
[PlyCount "54"]
[EventDate "2017.01.05"]
[EventType "swiss"]
[EventRounds "9"]
[EventCountry "HUN"]

1. e4 c5 2. Nf3 e6 3. d4 cxd4 4. Nxd4 a6 5. c4 Nf6 6. Nc3 Qc7 7. a3 b6 8. Be3
Bb7 9. f3 Be7 10. Rc1 O-O 11. Be2 d6 12. O-O Nbd7 13. b4 Rac8 14. Qd2 Qb8 15.
Rfd1 Bd8 16. Kh1 Bc7 17. Bg5 Rfe8 18. Bf1 h6 19. Bh4 d5 20. exd5 Bf4 21. Qa2
Bxc1 22. dxe6 fxe6 23. c5 Nd5 24. Nxe6 Nxc3 25. Rxd7 Nxa2 26. Rxg7+ Kh8 27. Bf6
Rxe6 0-1

[Event "Perényi Évadnyitó Open"]
[Site "Budapest"]
[Date "2017.01.14"]
[Round "9.7"]
[White "Karacsonyi, Gellert"]
[Black "Torok, Tamas Titusz"]
[Result "1/2-1/2"]
[WhiteElo "2057"]
[BlackElo "2142"]
[PlyCount "81"]
[EventDate "2017.01.05"]
[EventType "swiss"]
[EventRounds "9"]
[EventCountry "HUN"]

1. e4 e5 2. Nf3 Nc6 3. Bb5 Nge7 4. Nc3 g6 5. d4 exd4 6. Nd5 Bg7 7. Bg5 h6 8.
Bf6 Bxf6 9. Nxf6+ Kf8 10. Nxd4 Kg7 11. Nd5 Nxd5 12. exd5 Nxd4 13. Qxd4+ Qf6 14.
Qxf6+ Kxf6 15. a4 Re8+ 16. Kd2 Re5 17. Bc4 d6 18. Ra3 Bd7 19. a5 Rf5 20. f3 Re8
21. Rb3 Bc8 22. h4 Ree5 23. g3 Re8 24. Rc3 c6 25. dxc6 bxc6 26. b4 c5 27. Rd3
cxb4 28. Rxd6+ Kg7 29. Bd5 Be6 30. Bxe6 Rxe6 31. Rxe6 fxe6 32. Rb1 Rxf3 33.
Rxb4 Rxg3 34. Rb7+ Kf6 35. Rxa7 Rh3 36. a6 Rxh4 37. Ra8 Ra4 38. c4 Ke5 39. c5
Kd5 40. a7 Kc6 41. Re8 1/2-1/2

[Event "Perényi Évadnyitó Open"]
[Site "Budapest"]
[Date "2017.01.14"]
[Round "9.8"]
[White "Ritter, Gabor Dr"]
[Black "Mezei, Csaba"]
[Result "1/2-1/2"]
[WhiteElo "2008"]
[BlackElo "2073"]
[PlyCount "137"]
[EventDate "2017.01.05"]
[EventType "swiss"]
[EventRounds "9"]
[EventCountry "HUN"]

1. d4 d5 2. c4 e6 3. Nf3 c6 4. Qc2 Nf6 5. g3 b6 6. Bg2 Be7 7. O-O O-O 8. Rd1
Bb7 9. Nbd2 Nbd7 10. b3 a5 11. Bb2 Rc8 12. e4 dxc4 13. bxc4 Qc7 14. a4 Rfd8 15.
Qb3 Bb4 16. Rac1 Ne8 17. Bc3 c5 18. d5 Nf8 19. Nf1 Ra8 20. Ne3 Qe7 21. Bb2 h6
22. h4 Bc8 23. Ne5 Bb7 24. Qc2 f6 25. Nf3 Bc8 26. e5 Bb7 27. exf6 Nxf6 28. Ne5
Rd6 29. dxe6 Bxg2 30. Kxg2 Rxe6 31. Qf5 Re8 32. Nf3 Qf7 33. Ne5 Qb7+ 34. Kg1
Ba3 35. Bxa3 Rxe5 36. Qd3 Rxe3 37. fxe3 Qf3 38. e4 Qg4 39. Re1 Ne6 40. Bb2 Nf4
41. Qb3 N6h5 42. Qc3 Re7 43. Re3 Ne2+ 44. Rxe2 Qxe2 45. Re1 Qg4 46. Re3 Rxe4
47. Rxe4 Qxe4 48. Qe5 Nf6 49. Qb8+ Qe8 50. Qxe8+ Nxe8 51. Be5 Kf7 52. Kf2 Ke6
53. Bb8 Nd6 54. Bxd6 Kxd6 55. Ke3 Ke5 56. h5 Kf5 57. Kf3 Kg5 58. g4 g6 59. hxg6
Kxg6 60. Kg3 Kf7 61. Kf3 Kg6 62. Kg3 Kg5 63. Kf3 Kh4 64. Kf4 Kh3 65. Kf3 Kh2
66. Kf2 Kh3 67. Kf3 Kh4 68. Kf4 Kh3 69. Kf3 1/2-1/2

[Event "Perényi Évadnyitó Open"]
[Site "Budapest"]
[Date "2017.01.14"]
[Round "9.9"]
[White "Kovacs, Gabor Etele"]
[Black "Bodrogi, Laszlo"]
[Result "1/2-1/2"]
[WhiteElo "2066"]
[BlackElo "1984"]
[PlyCount "139"]
[EventDate "2017.01.05"]
[EventType "swiss"]
[EventRounds "9"]
[EventCountry "HUN"]

1. e4 c5 2. c3 e6 3. d4 d5 4. exd5 exd5 5. Nf3 Bd6 6. dxc5 Bxc5 7. Bb5+ Nc6 8.
O-O Nge7 9. h3 O-O 10. Bg5 f6 11. Bf4 Be6 12. Nbd2 Bf7 13. Nb3 Bb6 14. Nfd4 a6
15. Be2 Ng6 16. Bg3 Nge5 17. Kh1 Re8 18. f4 Nc4 19. Bxc4 dxc4 20. Nxc6 Qxd1 21.
Rfxd1 cxb3 22. Nb4 Rad8 23. axb3 a5 24. Nc2 Bxb3 25. Rxd8 Rxd8 26. Ne1 Rd2 27.
c4 Bxc4 28. Rc1 Bd5 29. f5 Be4 30. Rc8+ Rd8 31. Rc4 Bxf5 32. Nf3 Rd1+ 33. Kh2
Kf7 34. Bc7 Bxc7+ 35. Rxc7+ Rd7 36. Rc5 Be4 37. Rb5 a4 38. Kg3 g5 39. Rb4 Bc6
40. Nd4 Kg6 41. Nxc6 Rd3+ 42. Kh2 bxc6 43. Rxa4 c5 44. Ra5 Rb3 45. Rxc5 Rxb2
46. Rc6 Rb4 47. Ra6 h5 48. Rc6 h4 49. Ra6 Rf4 50. Rb6 Kf5 51. Rb5+ Ke4 52. Rb4+
Ke3 53. Rb3+ Kd4 54. Rb4+ Ke5 55. Rb5+ Ke6 56. Rb6+ Kf5 57. Rb5+ Kg6 58. Rb6
Re4 59. Ra6 Kf5 60. Ra5+ Kf4 61. Ra6 f5 62. Ra5 Rd4 63. Ra8 g4 64. hxg4 fxg4
65. Rf8+ Ke3 66. Rh8 g3+ 67. Kh3 Kf2 68. Rf8+ Kg1 69. Rf3 Rb4 70. Rf4 1/2-1/2

[Event "Perényi Évadnyitó Open"]
[Site "Budapest"]
[Date "2017.01.14"]
[Round "9.10"]
[White "Polyanszky-Tamasi, Zoltan Dr"]
[Black "Varga, Klara"]
[Result "0-1"]
[WhiteElo "1769"]
[BlackElo "2251"]
[PlyCount "68"]
[EventDate "2017.01.05"]
[EventType "swiss"]
[EventRounds "9"]
[EventCountry "HUN"]

1. c4 e6 2. Nc3 Nf6 3. e4 d5 4. e5 d4 5. exf6 dxc3 6. bxc3 Qxf6 7. Nf3 Bd6 8.
Bd3 Nd7 9. Qe2 h6 10. Bc2 b6 11. Ba4 O-O 12. Qe4 Nc5 13. Qxa8 Bb7 14. Qxb7 Nxb7
15. O-O Nc5 16. Bc2 e5 17. d4 exd4 18. cxd4 Ne6 19. Be3 Ng5 20. Bd1 c5 21. Rb1
cxd4 22. Nxd4 Qe5 23. g3 Qe4 24. Bxg5 hxg5 25. Bb3 Qxd4 26. Rbd1 Qf6 27. Rd2
Bb4 28. Rd7 a5 29. Rfd1 Bc5 30. R1d2 g6 31. R7d5 Re8 32. Kg2 Bb4 33. R2d3 g4
34. R3d4 Qf3+ 0-1